| 000 | 01249nam a22002297a 4500 | ||
|---|---|---|---|
| 005 | 20080929101452.0 | ||
| 008 | 080929t xxu||||| |||| 00| 0chin d | ||
| 010 | _aHIN-84207 | ||
| 020 |
_a9788190482295 _c175.00 |
||
| 035 | _aHN-56553 | ||
| 037 | _bDBAD / PUB | ||
| 040 |
_aDPL _bHN |
||
| 082 | _a920 | ||
| 100 |
_aचौहान, लालबहादुर सिंह _926640 |
||
| 245 |
_aभारतीय स्वातंत्र्य समर के बलिदानी क्रान्तिवीर / _cलालबहादुर सिंह चौहान |
||
| 246 |
_aBharatiy Swatantry samar ke balidani krantivir _bby Lalbahadur Singh Chauhan |
||
| 260 |
_aनई दिल्ली _bइंडियन डिजिटल पब्लिशर्स _c2008 |
||
| 270 |
_aरेयर पोर्शन, डब्ल्यू-116, ग्रेटर कैलाश-1 _bनई दिल्ली _e110048 |
||
| 300 |
_a128पृ _c22सेमी (सजिल्द) |
||
| 942 |
_2ddc _cHN _h954.082 _mचौहान |
||
| 999 |
_c15894 _d15894 |
||